[Event "Morelia/Linares 24th"]
[Site "Morelia/Linares"]
[Date "2007.02.25"]
[Round "7"]
[White "Leko, Peter"]
[Black "Anand, Viswanathan"]
[Result "0-1"]
[WhiteElo "2749"]
[BlackElo "2779"]
[Annotator "Marin,M"]
[PlyCount "82"]
[EventDate "2007.02.17"]
[EventType "tourn"]
[EventRounds "14"]
[EventCountry "ESP"]
[EventCategory "20"]
[SourceTitle "CBM 117"]
[Source "ChessBase"]
[SourceDate "2007.03.30"]
[SourceVersion "1"]
[SourceVersionDate "2007.03.30"]
[SourceQuality "1"]

1. d4 Nf6 2. c4 e6 3. g3 d5 4. Nf3 dxc4 5. Bg2 a6 6. O-O Nc6 7. e3 Bd7 8. Nc3
b5 ({This rare move is generally underestimated by theory. 8...Rb8 is supposed
to be the main line when only after 9.Qe2 Black defends the pawn with 9...b5.
I had a pleasant experience against the over-ambitious} 8... Bb4 9. Qe2 b5 10.
Ne5 Nxe5 11. dxe5 Bxc3 12. bxc3 Nd5 13. Ba3 Nxc3 14. Qg4 g6 15. Rac1 h5 16. Qf3
Nd5 17. Rfd1 a5 18. Bc5 Ra6 19. a4 b4 20. Bf1 Rc6 21. Rxc4 {and Black soon
collapsed under the pressure in Marin-Graf, Sanxenxo 2004.}) (8... Nd5 {
is another sideline, possibly unjustly doomed by older theory. In a recent
game Black managed to hold his own:} 9. Nd2 Nb6 10. Qe2 Na5 11. Nde4 Be7 12.
Nc5 Bc6 13. Bxc6+ Nxc6 14. Nxb7 Qc8 15. Nc5 O-O {. Black's better development
compensates for his structural deffects, Kramnik-Carlsen, Wijk aan Zee 2007.})
9. Ne5 Nxe5 10. dxe5 Nd5 11. Nxd5 exd5 12. Qxd5 {The position is highly
assymetrical. In the long run, Black's queenside pawns could become dangerous,
but for the moment he has to solve the concrete problem of completing his
development.} Rb8 ({A new move.} 12... c6 {was played in Khalifman-Shulman,
Khanty Mansiysk 2005. Black managed to survive the opening and obtained a
better rook ending with a queenside majority.} 13. Qd4 Qc7 14. a4 $1 (14. b3
Be6 15. bxc4 Bxc4 16. Rd1 Be7 17. Bb2 Rd8 18. Qe4 Bd5 19. Qg4 O-O 20. Bxd5 cxd5
21. Rac1 Qb6 22. e6 f6 23. Bd4 Qb7 24. Bc5 Rfe8 25. Bxe7 Qxe7 26. Rc6 Rd6 27.
Rxd6 Qxd6 28. Qd4 Qxe6 29. Qxd5 Qxd5 30. Rxd5 Re4 31. a3 Ra4 32. Rd3 Kf7 $17 {
Khalifman,A (2653)-Shulman,Y (2565)/Khanty Mansiysk 2005/CBM 111 (0-1, 64)})
14... c5 (14... Rc8 15. axb5 axb5 16. Ra7 $16) 15. Qf4 $5 {/\e6} Rc8 16. axb5
axb5 17. Ra6 Be7 18. Bd2 O-O 19. Ba5 Qb8 20. Rd1 Be6 21. Rb6 Qa7 22. Rxb5 $16)
13. a4 ({Aiming to activate the queen's rook, but weakening the b4-square. The
main alternative was} 13. Rd1 {, developing the other rook and maintaining a4
in reserve.}) 13... Bb4 14. Rd1 Qe7 15. Bd2 Bc5 {Black has managed to obtain
some stability now, but his problems are far from being over.} 16. axb5 axb5
17. Ba5 {This way of developing the bishop is characteristic for the main
lines where Black captures on c4 after castling.} c6 18. Qd2 {Black cannot
castle because the d7-bishop is hanging. He cannot play ...Be6 because of the
hanging c6-pawn. This means that he is far behind in development still.} Rc8
19. Rac1 h5 (19... Be6 {is still impossible because of} 20. Bxc6+ $1 Rxc6 21.
Qd8+ {, winning the h8-rook.}) 20. b4 Ba7 21. Ra1 Rh6 22. Qc3 Bf5 (22... Be6 {
[%csl Ge5]} 23. Bxc6+ Rxc6 24. Rd8+ Qxd8 25. Bxd8 Kxd8 26. Rxa7 $18) (22... Re6
23. Bh3 $16) 23. e6 $1 Rxe6 (23... fxe6 24. Bd8 Qb7 25. Bg5 Rg6 26. h4 $16 {
[%csl Gg6]}) 24. Qxg7 Bg4 25. Rd2 $6 ({White misses an elegant combination:} 
25. Bxc6+ $1 Rexc6 {and now, after the unexpected} 26. Bd8 $1 {most of Black's
pieces are hanging.} Qf8 27. Qe5+ Be6 (27... Re6 28. Qxb5+ Rec6 29. Bf6 $18)
28. Qxb5 $3 ({In case of} 28. Rxa7 Rxd8 {White has nothing better than} 29.
Rxd8+ Kxd8 30. Qf6+ $1 Ke8 31. Ra8+ Rc8 32. Qxe6+ fxe6 33. Rxc8+ Ke7 34. Rxf8
Kxf8 {, when the c-pawn seems to save the day for Black despite his material
disadvantage (Aagaard).}) 28... Bb8 29. Ra6 $1 Rxd8 30. Rxd8+ Kxd8 31. Rxc6 $1
Bc7 32. Ra6 Qg7 33. Ra8+ Ke7 34. Qc5+ Bd6 35. Ra7+ Bd7 36. Qxc4 $16 {(+-
Aagaard)}) 25... Bb8 26. h3 (26. Qg8+ Qf8 27. Qg5 Qe7 28. Qxe7+ Kxe7 29. f3 $1
Bf5 30. e4 Bg6 31. Bh3 $16 {Aagaard}) 26... Be5 27. Qg8+ Qf8 28. Qxf8+ Kxf8 29.
Rc1 Bf5 {Black has repelled the attack and can look into the near future with
optimism. His queenside pawns will become threatening soon.} 30. e4 Bh7 31. Bb6
Bf6 32. h4 Bxe4 33. Bh3 Bd5 34. Bxe6 fxe6 {"Winning" the exchange does not
absolve White from problems.} 35. Bc5+ Be7 {Unblocking the pawns.} 36. Bxe7+
Kxe7 37. Rb2 Kd6 38. Kf1 c5 39. Ke2 cxb4 40. Rxb4 Kc5 41. Rcb1 Bc6 {White's
resignation might look a bit premature, but in fact there is nothing he can do
against the enemy pawns supported by all Black's pieces.} 0-1

[Event "EU-ch 12th"]
[Site "Aix les Bains"]
[Date "2011.03.22"]
[Round "1"]
[White "Wojtaszek, Radoslaw"]
[Black "Roser, Kevin"]
[Result "1/2-1/2"]
[WhiteElo "2711"]
[BlackElo "2423"]
[Annotator "Marin,M/Primel,D"]
[PlyCount "82"]
[EventDate "2011.03.22"]
[EventType "swiss"]
[EventRounds "11"]
[EventCountry "FRA"]
[SourceTitle "CBM 142 Extra"]
[Source "ChessBase"]
[SourceDate "2011.06.27"]
[SourceVersion "1"]
[SourceVersionDate "2011.06.27"]
[SourceQuality "1"]
[TimeControl "40/5400+30:1800+30"]

1. d4 Nf6 2. c4 e6 3. g3 d5 4. Bg2 dxc4 5. Nf3 a6 {[%cal Gb7b5,Gb8c6] Les
Noirs ont plusieurs alternatives pour s'accrocher au P mais en général, les
Blancs obtiennent des bonnes compensations} (5... Nc6 6. Qa4 (6. O-O $143 a6 {
[%cal Ga8b8]} (6... Rb8 7. Nc3 Bb4 8. Qc2 O-O 9. Rd1 Qe7 10. e4 Bxc3 11. bxc3
e5 (11... b5 12. e5 Nd5 13. Ng5 $44 {[%csl Rh7]}) 12. d5 Na5 13. Qa4 b6 14. Ba3
Qe8 15. Qc2 Bg4 16. Bxf8 Kxf8 {Gleizerov,E (2485)-Raetsky,A (2400) Smolensk op
1991 1-0} (16... Bxf3 17. Bxf3 Qxf8 18. Be2 $1 {[%cal Gd1f1,Gf2f4] Gleizerov}))
) 6... Bb4+ (6... Nd5 7. Qxc4 Nb6 8. Qd3 e5 9. Nxe5 Nb4 10. Qc3 Qxd4 11. O-O
Qxc3 12. Nxc3) 7. Bd2 Nd5 (7... Bd6) 8. Qb5) (5... b5 6. Ne5 Nd5 7. O-O Bb7 8.
a4 (8. e4 $5 Nf6 9. d5 {[%csl Re8]} Bd6 10. Nxf7 $1 {Dancevski,O (2380)
-Todorovic,G (2499) Skopje Karposh op 2012 (8) 1/2}) 8... a6 9. b3 cxb3 10.
Qxb3 c6 11. Bb2 Nd7 12. e4 N5b6 13. axb5 cxb5 14. d5 $44 {[%emt 0:33:25]
Primel,D (2092)-Donchenko,A (2460)/Nantes op 4th (2)/1/2-1/2}) (5... Bd7 {
[%cal Gd7c6]} 6. Ne5 Bc6 7. Nxc6 Nxc6 {[%csl Rd4]}) (5... c5) (5... Bb4+ 6. Bd2
a5) 6. Ne5 (6. O-O {La grande ligne qui a le mérite d'éviter l'échec Bb4 mais
Ne5 est considéré comme la ligne critique} Nc6 {Cet ordre de coups permet
aussi de retomber sur la variante 5. Nc6 en ayant évité les complications de
la variante 6.Qa4} (6... b5 7. Ne5 Nd5 8. a4 (8. b3 cxb3 9. Qxb3 Bb7 (9... Be7
10. Rd1 {[%cal Ge2e4]} O-O 11. e4 Nb6 12. Nc3 f6 (12... N8d7 13. Nc6) 13. Nf3
$44)) 8... Bb7 9. e4 Nf6 10. axb5 axb5 11. Rxa8 Bxa8 12. Nc3 c6 13. Bg5 Bb7 14.
Nxf7 $1 Kxf7 15. e5 h6 16. Bh4 {Khalifman,A (2485)-Novikov,I (2460) URS-ch U26
Lvov 1985 1-0} (16. Bxf6 gxf6 17. Qh5+ Kg7 18. Ra1 f5 19. Ne2 Rg8 $44 {Glek}))
7. e3 (7. Nc3 Rb8 8. e4 Be7 (8... b5) 9. Qe2 b5 10. Rd1 Nb4 {[%csl Gd3]} 11. d5
$44 {[%cal Gd1d8];Gelfand,B (2723)-Riazantsev,A (2638) RUS-chT Dagomys 2008 
(10) 1/2}) 7... Bd7 {Un peu passif} (7... Rb8 8. Qe2 {Sasikiran,K (2681)
-Topalov,V (2803) Khanty Mansiysk ol (Men) 39th 2010 (5.1) 1/2} (8. Nfd2 {
[%cal Gd2c4,Gg2c6]})) 8. Qe2 b5 9. Rd1 (9. Nc3 Nd5 10. e4 $44 Nxc3 (10... Ndb4
11. d5 $36) 11. bxc3 Bd6 (11... Be7 12. d5) 12. Bg5 Be7 13. d5 $1 {Le,Q (2705)
-Roser,K (2409) Tradewise Festival Masters 2013 (2) 1-0}) 9... Be7 10. e4) (6.
a4 $143 Nc6 $1 {Retombe sur la variante 5. Nc6 mais le coup a4 n'est pas trés
utile} 7. O-O Rb8 8. a5 Bb4 {Gagnant un tempo important} 9. Qa4 O-O $132) 6...
Bb4+ $5 {Très populaire depuis quelques années et l'isséen relève le défi
théorique face а un TOP GMI!} (6... Ra7 {[%cal Gb7b5] Peu joué mais astucieux
pour jouer b5} 7. O-O b6 {[%emt 2:44:59] Beliavsky,A (2645)-Portisch,L (2595)/
HUN-chT 1998/1/2-1/2} (7... b5 $6 8. a4 $1 $36 {[%cal Ga1a7]}) (7... Bd7)) (
6... c5 $5 {Plus solide} 7. Na3 $32 (7. Be3 Nd5 {[%csl Re3][%cal Gd5e3]}) 7...
cxd4 8. Naxc4 Bc5 (8... Ra7 {[%cal Gb7b5]} 9. Bd2 b6 10. Qb3 Bb7 11. Bxb7 Rxb7
12. Na5 Ra7 13. Nac6 Nxc6 14. Nxc6 Qa8 15. Qf3 Rc7 16. Rc1 Bc5 {Kopylov,M 
(2421)-Levin,F (2524) Kiel op 15th 2002 (6) 1/2} (16... d3 $5 17. exd3 Nd5 $44)
) 9. O-O O-O 10. Bd2 (10. Bg5 h6 11. Bxf6 Qxf6 12. Nd3) 10... Nd5 {[%cal Gb7b5]
} (10... Nbd7 11. Rc1 Qe7 12. Nd3 $14) 11. Rc1 {[%cal Gc1c5]} Nd7 12. Nd3 $44 {
Anand,V (2787)-Topalov,V (2805) World Championship 2010 (2) 1-0}) 7. Nc3 (7.
Bd2 $143 Qxd4 8. Bxb4 Qxe5 9. Na3 Nc6 $132 {[%emt 0:33:29] Aronian,L (2773)
-Mamedyarov,S (2721)/EU-Cup 25th Ohrid (7.1)/0-1}) 7... Nd5 {[%cal Gd5c3,Gb7b5]
Non seulement le N fait pression sur le Nc3 cloué mais il ferme la diagonale
du Bg2 pour garder l'option de jouer b7b5 ou encore Nb6 s'accrochant au Pc4} 8.
O-O $5 {Une idée du spécialiste de la Catalane KRAMNIK} (8. Bd2 {Plus courant}
b5 (8... Nb6 {[%cal Gb6c4]} 9. e3 N8d7 10. Nxd7 Bxd7 11. Bxb7 Rb8 12. Bg2 O-O
13. O-O Qe7 14. e4 $14 {[%csl Gd4,Ge4];Houska,J (2392)-Hammer,J (2583) NOR-ch
Bergen 2009 (3) 1/2}) 9. O-O Bxc3 10. bxc3 O-O (10... Bb7 11. e4 $44) 11. a4 $1
c6 (11... f6) 12. e4 $44 {Horvath,C (2530)-Suetin,A (2420) Velden op 1996 (5)
1-0} (12. Qc2 f6 13. Ng4 Nd7 14. e4 Ne7 15. axb5 cxb5 16. Bc1 Bb7 17. Ba3 Re8
18. Rfd1 $14)) 8... Nxc3 $5 {Trés peu de joueurs ont accepté le second P et la
partie est d'importance théorique. Il faut d'ailleurs noter qu'il y a eu
ensuite beaucoup de parties jouées sur cette suite en 2011 et 2012.} (8... O-O
{[%emt 0:33:27] Kramnik,V (2769)-Morozevich,A (2758)/World Championship (2)/1-0
}) (8... Bxc3 $6 9. e4 $1 {[%cal Gd1g4] Rappelle le thème d'une partie fameuse
de GULKO sur la variante b5} Bxb2 10. Bxb2 Nb6 11. Rc1 {[%csl Rc4]} O-O 12.
Nxc4 $32 {[%csl Ra8,Rb8,Rc8]}) 9. bxc3 Bxc3 10. Rb1 Qxd4 (10... Bxd4 $143 11.
Nxc4 {[%csl Rb7,Gg2][%cal Ge2e3,Gd1d8]} O-O (11... c6 $2 12. Ba3) 12. Ba3 $44)
11. Qa4+ $8 {[%cal Ga4a8]} (11. Qxd4 Bxd4 12. Nxc4 Nd7 13. Rd1 {Zhou Weiqi 
(2610)-Vaibhav,S (2430) Asia-ch Mashhad 2011 (1) 1-0} (13. Ba3 {[%csl Ga3,Re8]}
)) 11... b5 12. Qa3 $13 {[%csl Ra8,Re8,Rf8][%cal Gg2a8,Ga3f8] Il faut
maintenir le K noir au centre} (12. Rxb5 $2 axb5 13. Qxa8 Qxe5 14. Bf4 Qxe2 15.
Qxb8 O-O) 12... Qxe5 13. Bf4 {Marin: followed by either Bxa8 or Bxc7. White
retrieves most of his material investment. Black's pawns look threatening, but
his king still needs to get castled and in the meanwhile the pawns could
become vulnerable.} (13. Bxa8 b4 $44 {[%csl Gb4,Gc4]}) 13... Qf6 14. Bxc7 (14.
Bxa8 e5 (14... Be5) 15. Qxc3 exf4 16. Qxf6 gxf6 17. Bg2 Be6 $13) 14... Be5 $146
(14... b4 15. Rxb4 (15. Qa5 b3 {Halkias,S (2588)-Galopoulos,N (2430) EU-ch
13th Plovdiv 2012 (11) 1-0} (15... O-O 16. Bxa8 e5 $1 17. Bxb8 Bf5 $13 {
[%cal Gf8a8]})) 15... Bxb4 16. Qxb4 a5 17. Qb5+ Bd7 18. Qxc4 Na6 19. Bxa8 Nxc7
20. Qxc7 Qd8 21. Qa7 O-O 22. Bf3 Ba4 23. Rc1 Qd2 24. Rc5 Qxa2 25. Qxa5 Bb3 26.
Kg2 Qxa5 27. Rxa5 h6 28. h4 Rd8 29. Ra8 {[%emt 0:02:17] Miroshnichenko,E (2684)
-Kasimdzhanov,R (2699)/ Konya 2010/CBM Extra/1/2-1/2}) 15. Bxe5 Qxe5 {Une
position étonnante: les Noirs ont multiplié les coups de Q et les Blancs ont
une énorme avance de développement mais en fait, il n'y a pas vraiment
d'attaque pour le GMI} 16. Bxa8 Qc7 $1 {[%cal Gb8c6,Gc8b7]} 17. Bg2 (17. Qb4 $5
Qe7 18. Qa5 O-O 19. a4 Bd7 20. Bb7 $14 {[%csl Gc8][%cal Ga5c7]}) (17. Rfd1 $5
Nd7 (17... c3 18. Rbc1) (17... Nc6 18. Qc5) 18. Rd6 O-O 19. Rbd1 Qc5 (19... c3
20. Be4) 20. Qxc5 Nxc5 21. Kg2) 17... f6 $1 {[%cal Ge8f7] L'isséen n'a pas
vraiment le choix} (17... Bb7 $6 18. Bxb7 Qxb7 19. Qd6 $1 {[%cal Gf1d1]} (19.
Rfd1 f6 20. Rd6 Kf7 21. Rbd1 {[%csl Rb8][%cal Gd6d7]} Re8) 19... Nd7 20. Rfd1
$40 {[%csl Rd7,Re8,Rh8][%cal Ga2a4]}) 18. Qe3 {[%csl Re6][%cal Ga2a4] Les
Blancs ont du mal а trouver des leviers pour ouvrir le jeu et Qe3 libère une
case pour jouer a4 mais c'est au détriment d'un tempo important qui permet aux
Noirs de renforcer la position par Kf7. Le plus étonnant dans cette position
aigûe est le fait qu'il est difficile pour les Bancs d'activer les R car jouer
par exemple Rfd1 ne servirait pas а grand-chose.} (18. Rfd1 Kf7 19. Rd6 Rd8)
18... Kf7 {[%csl Re6][%cal Gf7e6,Gb8d7]} (18... Bd7 $5 {[%csl Ga4][%cal Gd7a4,
Ge8f7] Peut-être un ordre de coups plus précis pour surcontroler la case
sensible a4 avant de jouer Kf7} 19. a4 O-O) (18... O-O $5 {Plus simple, mais
les Blancs semblent un peu mieux et l'intérêt de Kf7 est de protéger e6 afin
de jouer Nd7}) 19. a4 Bd7 20. axb5 Bxb5 $5 (20... axb5 {Plus naturel mais les
Blancs vont doubler les R sur la colonne "d" et pour développer le N, il
faudrait perdre un autre tempo pour défendre le Bd7} 21. Rfd1 Na6 22. Rd4 Nc5 {
[%cal Gc5d7,Gc5b3]}) 21. Rfd1 Nd7 $11 22. Rd4 Rc8 (22... Nc5 {[%cal Gh8d8,
Gc5b3]}) (22... c3) 23. Rbd1 Nf8 {[%cal Gf8e6]} (23... Ne5 24. Bh3 {[%csl Re6]
[%cal Gf2f4,Ge3e6]}) 24. Qc3 Qc5 25. Be4 Rc7 26. Rd8 Rd7 {Cet échange va
soulager la défense} 27. R1xd7+ Nxd7 28. Bxh7 f5 $1 {[%csl Rh7] Les Noirs
étaient pourtant en zeitnot mais ils vont trouver des ressources tactiques et
forcer des échanges qui vont aboutir а une finale égale.} 29. Bg8+ Ke7 30. Ra8
Nf6 31. Qd2 {[%cal Gd2d8]} (31. h4 $5) 31... Qd5 $1 {[%cal Gd5d2,Gd5a8]} 32.
Ra7+ Bd7 33. Qb4+ Qd6 34. Qxc4 Nxg8 35. Qxa6 Qxa6 36. Rxa6 Bb5 37. Ra2 Nf6 38.
Rb2 Ba6 39. Ra2 Bb5 40. Rb2 Ba6 41. Ra2 Bb5 {A.MARCHAND: Tout d'abord,
félicitations а notre isséen Kevin ROSER (2423)pour la magnifique nulle contre
le meilleur joueur Polonais GMI WOJTASZEK (2711). Lors de notre réunion d'hier
en fin d'après-midi а la Manufacture, nous étions une dizaine de joueurs (dont
4 jeunes) а suivre coup par coup l'évolution de sa partie. Nous étions plus ou
moins rassurés (а notre petit niveau) sur sa position, mais beaucoup plus
inquiet quant а sa pendule !.Même les blitzeurs ont arrêté leur partie.....ce
qui n'est pas courant !.} 1/2-1/2